00539nam a2200205Ia 4500008004000000020001800040041000800058082001600066100001700082245002200099260004600121300001500167650002000182650002500202650001400227650003700241650001200278650001900290700002400309210210b2010 xxu||||| |||| 00| 0 eng d a9780195671766 aeng a954.04 PAGP aPAGE (David) aPartition omnibus aNew DelhibOxford University Pressc2010 axlvii,1213 astern reckoning aprelude to partition aPartition aorgins of the partition of India aomnibus adivideand quit aSINGH (Anita Inder)